Gaming Quiz

Random Gaming or Clickable Quiz

Mario Game or Not? Quiz Stats

 Plays Quiz Updated Feb 20, 2019

     
Support Sporcle.
Go Orange.
Score 0/50 Timer 06:00
11 Plays Today
% Correct
Super Mario Bros. 2
88%
Super Mario Bros.
87.2%
Super Mario 64
86.7%
Super Mario Galaxy
85.9%
Super Mario Galaxy 2
85.6%
Super Mario Kart
85.5%
Mario Party
85.3%
Super Mario World
85%
Mario Party 8
85%
Donkey Kong
83.6%
Mario & Sonic at the Olympic Games
82.7%
New Super Mario Bros.
82.3%
Mario Kart: Double Dash!!
82.2%
Mario Kart 7
82.2%
Dr. Mario
82.1%
Super Mario World 2: Yoshi's Island
81.8%
Paper Mario
81.7%
Super Mario All-Stars
81.5%
Mario Bros.
81.2%
Super Mario Land
81.1%
Mario Golf
80.6%
Super Mario 3D Land
80.2%
Super Mario Sunshine
79.3%
Mario Kart: Super Circuit
78.7%
Mario Power Tennis
76.5%
% Correct
Mario & Luigi: Partners in Time
75.2%
Mario vs. Donkey Kong
73.5%
Super Mario RPG: Legend of the Seven Stars
71.1%
Super Mario Strikers
70.5%
Mario Paint
70.4%
Mario Superstar Baseball
67.9%
Mario Super Sluggers
67.4%
Mario Pinball Land
63.5%
Mario Sports Mix
63.4%
Mario is Missing!
63%
Mario Teaches Typing
61.1%
Yoshi's Safari
57.7%
Super Princess Peach
57.3%
Dance Dance Revolution Mario Mix
56.4%
Yoshi
56.2%
Mario Hoops 3-on-3
56.1%
Mario's Time Machine
54%
Mario & Wario
53.7%
Hotel Mario
53.4%
Yoshi's Cookie
51.8%
Mario's Game Gallery
50.7%
Mario's Picross
49.6%
Mario's Super Picross
47.9%
Yoshi Topsy Turvy
41.9%
Mario Clash
33.2%

From the Vault

NHL Stats Leaders (2000s)

by Lauro

Sports 19m
The NHL in the 2000s was defined by some truly great players. Also a lockout and some disciplinary scandals, but mostly the great players.
Remove Ads.
Support Sporcle.
Get the best of Sporcle when you Go Orange. This ad-free experience offers more features, more stats, and more fun while also helping to support Sporcle. Thank you for becoming a member.

Show Comments

Extras

Top Quizzes Today


Score Distribution

Your Account Isn't Verified!

In order to create a playlist on Sporcle, you need to verify the email address you used during registration. Go to your Sporcle Settings to finish the process.

Report this User

Report this user for behavior that violates our Community Guidelines.

Details: